00466 a2200133 4500020001700000082001800017100002000035245012100055260005500176300003600231650002000267650001700287650002800304 a007707713X : a624.15136 ATK aAtkinson, J. H. aAn introduction to the mechanics of soils and foundations :bthrough critical state soil mechanics /cJohn Atkinson. aLondon ;aNew York :bMcGraw-Hill Book Co.,c1993. axviii, 337 p. :bill. ;c25 cm. aSoil mechanics. aFoundations. aSlopes (Soil mechanics)